| 000 | 00693na a2200241 4500 | ||
|---|---|---|---|
| 001 | 13611 | ||
| 003 | MIRAKIL | ||
| 005 | 20181213154830.0 | ||
| 008 | 161102b tu 000 0 | ||
| 035 | _a13611 | ||
| 040 |
_aMilas _btur _cTR-AnCHP |
||
| 082 |
_a306.87 _bA54 1993 |
||
| 090 | _a306.87 A54 1993 | ||
| 245 |
_aAilede etkileşim _b(anne-baba okulu) _cyayına hazırlayan; Berrin Delikçi |
||
| 246 | _aAnne-baba okulu | ||
| 260 |
_aİzmir _bBornova Belediyesi Kadın Danışma Merkezi _c1993 |
||
| 300 |
_aiv, 267 s. _c19 sm. |
||
| 650 |
_aAnababa ve çocuklar _xİletişim |
||
| 650 | _aİletişim, Ailede | ||
| 650 | _aAile | ||
| 700 | _aDelikçi, Berrin | ||
| 942 |
_2ddc _cBKS |
||
| 999 |
_c1662 _d1662 |
||